000 00808nam a22002657i 4500
003 EG-GICUC
005 20260121101656.0
008 260106b1954 fr ||||fry||| 00| 0 fre d
040 _aEG-GiCUC
_bfre
_cEG-GiCUC
_dEG-GiCUC
_eRda
041 0 _afre
082 0 4 _221
_a330.040
_bPR
092 0 4 _221
099 _aLaw1 13 330.040 PR 1954
245 0 0 _aProgrès et problèmes de l'économie européenne.
264 1 _aParis :
_bOECE,
_c1954.
300 _a328 page ;
_c 24 cm.
336 _2rda contenu
_a texte
337 _2rda medias
_aOrdinateur
338 _2 transporteur rda
_a Ressource en ligne
546 _aTexte en français
650 1 4 _aFinances publiques et legislation fiscale
856 4 0 _uhttps://fll.law.cu.edu.eg/fulltext/bks/B13-08725.pdf
905 _a30
942 _2ddc
_cBK
_e21
_n0
999 _c55064
_d55064